| 000 | 00806nam a22002291i 4500 | ||
|---|---|---|---|
| 001 | 187089 | ||
| 003 | SpMaBN | ||
| 005 | 20230906222820.0 | ||
| 008 | 170411s1976 sp ac |||| |dspa d | ||
| 020 | _a84-7380-002-8 | ||
| 080 | _a070.422.1(46)"1936/39" | ||
| 080 | _a946"1936/39"(0:07) | ||
| 100 | 1 |
_aArmero, José Mario. _922964 |
|
| 245 | 1 | 0 |
_aEspaña fue noticia _b: corresponsales extranjeros en la guerra civil española / _cJosé-Mario Armero. |
| 250 | _a1ª ed. | ||
| 260 |
_aMadrid : _bSedmay, _c1976. |
||
| 300 |
_a435 p. : _bil., retr. ; _c22 cm. |
||
| 500 | _aÍndice onomástico. | ||
| 650 | 7 |
_aCorresponsales extranjeros- _zEspaña- _y1936-1939. _9162349 |
|
| 651 | 7 |
_aEspaña- _xHistoria- _y1936-1939, Guerra civil- _xEn la prensa. _9162350 |
|
| 852 |
_aES-MaACL _jL-31411 _z- enc. cart. |
||
| 999 |
_c187089 _d187089 |
||